• AIU
  • Tony Wilmot Memorial Library

Alphabets of Africa. (Record no. 64304)

MARC details
000 -LEADER
fixed length control field 00440nam a2200157Ia 4500
005 - DATE AND TIME OF LATEST TRANSACTION
control field 20170619150159.0
008 - FIXED-LENGTH DATA ELEMENTS--GENERAL INFORMATION
fixed length control field 140602s9999 xx 000 0 und d
020 ## - INTERNATIONAL STANDARD BOOK NUMBER
International Standard Book Number 92-9091-020-3
100 1# - MAIN ENTRY--PERSONAL NAME
Personal name HARTELL, Rhonda L..
245 10 - TITLE STATEMENT
Title Alphabets of Africa.
260 ## - PUBLICATION, DISTRIBUTION, ETC. (IMPRINT)
Name of publisher, distributor, etc UNESCO:
Date of publication, distribution, etc 1993.
Place of publication, distribution, etc [Place of publication not identified] :
300 ## - PHYSICAL DESCRIPTION
Extent 306 pages;
546 ## - LANGUAGE NOTE
Language note Anglais
650 #0 - SUBJECT ADDED ENTRY--TOPICAL TERM
Topical term or geographic name as entry element ALPHABETS
650 #0 - SUBJECT ADDED ENTRY--TOPICAL TERM
Topical term or geographic name as entry element ORTHOGRAPHES - Langues Africaines

No items available.